000 00851nam a2200217Ii 4500
003 JO-AjNU
008 230605s9999||||xx |||||||||||||| ||und||
017 _a2010/7/2645
040 _aJO-AjNU
_bara
_erda
_cJO-AjNU
041 _aara
050 1 4 _aTK5105.8885.D74.M833 2012
100 3 _aالمبيضين، وسام عبد الرحمن، م.مشارك فرحان محمد العبيسات، م.مشارك عيسى محمد قنبر,
_eauthor
_950589
245 0 0 _aتصميم المواقع الالكترونية باستخدام دريم ويفر
250 _aط2
264 3 1 _aعمان: زمزم ناشرون وموزعون، 2012
300 _a320ص
336 _atext
_btxt
_2rdacontent
337 _aunmediated
_bn
_2rdamedia
338 _avolume
_bnc
_2rdacarrier
650 4 _aالمواقع االالكترونية - حاسوب
_950590
999 _aA22294
_c25862
_d25862